| 000 | 01454 a2200217 4500 | ||
|---|---|---|---|
| 001 | 17099 | ||
| 005 | 20260407155459.0 | ||
| 008 | 260407a2000 arg spa d | ||
| 003 | AR-UNSa-BCEJYS | ||
| 040 |
_aAR-UNSa-BCEJYS _bspa _cAR-UNSa-BCEJYS |
||
| 080 |
_a658.012.4 _xGestión. Dirección. Autoridad. Técnicas y métodos de gestión (gestión del conocimiento, Outsourcing, Benchmarking...) |
||
| 245 | 1 | 0 | _aGestión del conocimiento |
| 020 | _a84-234-1724-7 | ||
| 264 | 1 |
_aBilbao : _bEdiciones Deusto _c2000 |
|
| 300 |
_a245 p. _c23 cm. |
||
| 505 | _a1. Llega una nueva organización a la empresa / Peter F. Drucker - 2. La empresa creadora de conocimiento / Ikujiro Nonaka - 3. Crear una organización que aprende / David A. Garvin - 4. Un enfoque clave para el aprendizaje de los directivos / Chris Argyris - 5. Poner a trabajar a todo el cerebro de la empresa / Dorothy Leonard y Susaan Straus - 6. Cómo hacer de la experiencia el mejor profesor de la empresa / Art Kleiner y George Roth - 7. Cómo lograr que la innovación prospere y se asiente en la empresa / John Seely Brown - 8. La gestión del intelecto profesional: sacar el máximo de los mejores / James Brian Quinn, Philip Anderson y Sydney Finkelstein | ||
| 942 | _cBK | ||
| 590 | _aniveau_biblio:m niveau_hierar:0 | ||
| 100 | 1 | _aHarvard Business Review | |
| 856 | 4 | 1 |
_uhttps://biblioeco.unsa.edu.ar/pmb/images/libros/Gestion del conocimiento-l86625.jpg _yImagen de portada _qimage/jpeg |
| 999 |
_c715 _d715 |
||